000 00686cam a2200205 a 4500
001 sa 68008755
003 DLC
005 20260227112536.0
008 970827s1964 ce 000 0 sin
010 _asa 68008755
040 _aDLC
_cDLC
_dDLC
050 0 0 _aPK2856
_b.S4
245 0 0 _aSiṃhala kāvya saṅgrahaya :
_bMatara yugaya /
_cNi. Ba. Mā. Seneviratna.
260 _a[Koḷamba] :
_bLaṅkā Jātika Kautukāgāra Prakāśaka,
_c[1964]
300 _axxiv, 300 p. ;
_c25 cm.
546 _aIn Sinhalese.
520 _aCollection of poems written during the Matara period, ca. 1720 A.D. to ca. 1830 A.D.
650 0 _aSinhalese poetry.
700 1 _aSenaviratna, Ni. Ba. Mā.
999 _c82553
_d82553